| 000 | 00000nam 2200000zi 4500 |
| 001 | 9.940594 |
| 003 | CaOODSP |
| 005 | 20250124130004 |
| 006 | m o d f |
| 007 | cr |n||||||||| |
| 008 | 240715s1974 onc o f000 0|eng d |
| 040 | |aCaOODSP|beng|erda|cCaOODSP |
| 043 | |an-cn---|ae-ur--- |
| 086 | 1 |aId35-15/1974E-PDF |
| 245 | 00|aCanadian technical forage seeds mission to the U.S.S.R., May 25 - June 8, 1974. |
| 264 | 1|aOttawa, Ontario : |bAgriculture, Fisheries and Food Products Branch, Department of Industry, Trade and Commerce, |c[1974] |
| 300 | |a1 online resource (50, iii pages, 1 unnumbered page) |
| 336 | |atext|btxt|2rdacontent |
| 337 | |acomputer|bc|2rdamedia |
| 338 | |aonline resource|bcr|2rdacarrier |
| 500 | |aDigitized edition from print [produced by Innovation, Science and Economic Development Canada]. |
| 650 | 0|aSeed industry and trade|zCanada. |
| 650 | 6|aSemences|xIndustrie|zCanada. |
| 651 | 0|aSoviet Union|xCommerce|zCanada. |
| 651 | 0|aCanada|xCommerce|zSoviet Union. |
| 651 | 6|aURSS|xCommerce|zCanada. |
| 651 | 6|aCanada|xCommerce|zURSS. |
| 710 | 1 |aCanada. |bDepartment of Industry, Trade and Commerce, |eissuing body. |
| 856 | 40|qPDF|s836 KB|uhttps://publications.gc.ca/collections/collection_2025/isde-ised/Id35-15-1974-eng.pdf |